00449 2200181 4500001002100000008004100021035002000062245004900082100001600131250000600147260003700153300001100190020001800201084001400219082000800233650001400241990001200255INLIS000000000001256 ind  a0010-0524000491 aMenjaga Kebersihan dan KesehatancAgus Salim aSalim, Agus a1 aBandung :bPenerbit Mediumc2007 a52 hlm a979-24-5638-4 a600 AGU m a600 aNon Fiksi a0747656